Normal view
MARC view
Entry Topical Term
001 - CONTROL NUMBER
- control field: 27689
003 - CONTROL NUMBER IDENTIFIER
- control field: OSt
005 - DATE AND TIME OF LATEST TRANSACTION
- control field: 20210927103840.0
008 - FIXED-LENGTH DATA ELEMENTS
- fixed length control field: 210927|| aca||aabn | a|a d
040 ## - CATALOGING SOURCE
- Original cataloging agency: OSt
- Transcribing agency: OSt
150 ## - HEADING--TOPICAL TERM
- Topical term or geographic name entry element: Regulatory delivery, Regulatory practice, Public service training, Public service skills, Narrow professionalism, Broad professionalism
670 ## - SOURCE DATA FOUND
- Source citation: Work cat.: (OSt): Heijden, Jeroen Van Der 27688, Balancing narrow and broad public service professionalism: Experience with the New Zealand g-reg qualifications framework
